000
00337nam a22001457a 4500
008
221206b ||||| |||| 00| 0 eng d
020
_a
9781285462820
041
_a
eng
080
_2
11TH EDITION
_a
311
082
_a
311BRA
100
_a
25.2
101
_a
STATIS
245
_a
UNDERSTANDABLE STATISTICS
_c
BRASE.H.CH
942
_2
udc
_c
BK
999
_c
59105
_d
59105